000 00954cam a2200301 i 4500
999 _c200423040
_d39964
001 200423040
003 TR-AnTOB
005 20231204111828.0
007 ta
008 151021s2015 tu ad 000 0 tur d
020 _a9786059041560
040 _aTR-AnTOB
_beng
_erda
_cTR-AnTOB
041 0 _atur
050 0 0 _aHF1379
_b.D455 2015
090 _aHF1379
_b.D455 2015
100 1 _aDeliçay, Murat
_eauthor
_9116068
245 1 0 _aDünyada ve Türkiye’de dış ticareti kolaylaştırmaya yönelik ulusal koordinasyon çalışmaları /
_cMurat Deliçay.
264 1 _aAnkara :
_bKalkınma Bakanlığı,
_c2015.
300 _aVI, 95 pages :
_billustrations, tables, graphs ;
_c27 cm
336 _atext
_btxt
_2rdacontent
337 _aunmediated
_bn
_2rdamedia
338 _avolume
_bnc
_2rdacarrier
490 0 _aYayın No ;
_v2943.
504 _aBIB
650 0 7 _aUluslararası ticaret
_923531
942 _cBK
_2lcc